00498nam a2200157Ia 4500999001700000003000400017005001700021008004100038040000900079082002100088100003500109245009700144260004200241300000900283942004800292 c20454d20454OSt20200605150855.0190216s9999||||xx |||||||||||||| ||und|| coclc a324.25403bMAZ/I a Mazumdar, Amvika Charan92558 4aThe Indian National Congress And The Growth Of Indian Nationalism /cAmvika Charan Mazumdar bDaya Publishing House,c1985.aDelhi: a475p cBK2ddch324.25403iMAZ/Ik324.25403mMAZ/I